000 00488nam a2200157 i 4500
001 69456
003 ES-MaACL
005 20230906170527.0
007 t|
008 040706q19101919sp ||||1| spa d
100 1 _aGarcía Carraffa, Arturo.
_954343
245 1 0 _aDel ingenio español
_b: frases célebres de autores dramáticos : (serie 3ª) /
_cArturo García Carraffa.
260 _aMadrid :
_b[s.n.,
_c191-?] (
_fA. Marzo)
300 _a200 p. ;
_c19 cm.
852 _aES-MaACL
_jF-12780
999 _c69456
_d69456